00740nam a2200217Ia 4500008004100000020001400041040001800055041000800073060001000081100002000091245013900111260005100250300003400301504002700335650004400362650004200406650002100448650001900469650001700488700001700505130821s2004 ch a gr eng  a443065799 aCo-BoUCMbspa00aeng aQV 391 aEvers, Alex S.10aAnesthetic pharmacology physiologyc principles and clinical practice. A companion to Miller's anesthesiacAlex S. Evers y Mervyn Maze aHong Kong (China)bChurchill Livingstonec2004 a1000 páginasbilustraciones aIncluye bibliografía04aAnestésicosxAdministración y dosis04aAnestésicosxEfectos fisiológicos04aAnestesiología04aFarmacología04aFisiología1 aMaze, Mervyn